[Event "NZL-ch op 126th"]
[Site "Auckland"]
[Date "2019.01.18"]
[Round "5"]
[White "Wohl, Aleksandar H"]
[Black "Soo Burrowes, Eliot W"]
[Result "1-0"]
[WhiteElo "2332"]
[BlackElo "2124"]
[PlyCount "91"]
[EventDate "2019.01.14"]
[EventType "swiss"]
[EventRounds "9"]
[EventCountry "NZL"]
[SourceTitle "CBM 188 Extra"]
[Source "ChessBase"]
[SourceDate "2019.02.28"]
[SourceVersion "1"]
[SourceVersionDate "2019.02.28"]
[SourceQuality "1"]

1. g3 Nf6 2. Bg2 d5 3. f4 g6 4. Nf3 Bg7 5. 0-0 0-0 6. d3 c6 7. c3 Qb6+ 8. Kh1 Ng4 9. d4 Bf5 10. h3 Nf6 11. Nbd2 Ne4 12. Qe1 Nd6 13. g4 Be4 14. Qh4 e6 15. b3 Qd8 16. Ba3 Qxh4 17. Nxh4 Bxg2+ 18. Kxg2 Rd8 19. Bxd6 Rxd6 20. e4 dxe4 21. Nxe4 Rd8 22. f5 exf5 23. gxf5 Nd7 24. fxg6 fxg6 25. Rae1 c5 26. dxc5 Rdc8 27. b4 b6 28. Nd6 Rc6 29. Re7 Nf6 30. Rd1 bxc5 31. b5 Rb6 32. a4 Bf8 33. Re6 Nh5 34. Re8 Rxd6 35. Rxf8+ Rxf8 36. Rxd6 Rf4 37. Rd8+ Kf7 38. Rd7+ Ke8 39. Rxa7 Rxh4 40. b6 Nf6 41. Ra8+ Ke7 42. b7 Nd7 43. a5 Ra4 44. a6 Ra2+ 45. Kg3 Rb2 46. Rh8 1-0

[Event "NZL-ch op 126th"]
[Site "Auckland"]
[Date "2019.01.14"]
[Round "1"]
[White "Soo Burrowes, Eliot W"]
[Black "Tsagarakis, Angelo"]
[Result "1-0"]
[WhiteElo "2124"]
[BlackElo "1795"]
[PlyCount "72"]
[EventDate "2019.01.14"]
[EventType "swiss"]
[EventRounds "9"]
[EventCountry "NZL"]
[SourceTitle "CBM 188 Extra"]
[Source "ChessBase"]
[SourceDate "2019.02.28"]
[SourceVersion "1"]
[SourceVersionDate "2019.02.28"]
[SourceQuality "1"]

1. c4 Nf6 2. Nc3 d5 3. cxd5 Nxd5 4. g3 g6 5. Bg2 Nxc3 6. bxc3 Bg7 7. Rb1 c6 8. h4 Qc7 9. Qc2 Nd7 10. d3 Nf6 11. Nf3 0-0 12. 0-0 Ng4 13. d4 e5 14. e4 Re8 15. Bb2 Be6 16. Ba1 Bc4 17. Rfe1 Rad8 18. Bf1 Bxf1 19. Kxf1 c5 20. d5 c4 21. Qe2 h5 22. Nd2 Rc8 23. Rb4 b5 24. Rxb5 Bf8 25. Reb1 Bc5 26. Qxc4 Qd6 27. Ke2 Bxf2 28. Qd3 Bb6 29. c4 Rc5 30. Bc3 Rxb5 31. Rxb5 Be3 32. Bb4 Qd7 33. c5 Nf2 34. Qc4 Qg4+ 35. Nf3 Nxe4 36. Kxe3 Qxf3+ 1-0

[Event "Charlotte CCCSA Fall IM"]
[Site "Charlotte"]
[Date "2017.11.24"]
[Round "4"]
[White "Furfine, Jacob"]
[Black "Soo Burrowes, Eliot W"]
[Result "1-0"]
[WhiteElo "2324"]
[BlackElo "2145"]
[PlyCount "73"]
[EventDate "2017.11.22"]
[EventType "tourn"]
[EventRounds "9"]
[EventCountry "USA"]
[EventCategory "2"]
[SourceTitle "CBM 181 Extra"]
[Source "ChessBase"]
[SourceDate "2017.12.12"]
[SourceVersion "1"]
[SourceVersionDate "2017.12.12"]
[SourceQuality "1"]

1. d4 Nf6 2. Bf4 d5 3. e3 g6 4. Nc3 Bg7 5. h4 a6 6. Be2 c5 7. h5 gxh5 8. Nf3 Nc6 9. Ne5 Bf5 10. Bxh5 Nxh5 11. Qxh5 Bg6 12. Nxg6 fxg6 13. Qg4 cxd4 14. exd4 Nxd4 15. 0-0-0 0-0 16. Bg5 Qb6 17. Nxd5 Qc5 18. Nxe7+ Kf7 19. Rd2 Ne6 20. Qf3+ Ke8 21. Qxb7 Qxg5 22. Qd7+ Kf7 23. Nd5+ Kg8 24. Qxe6+ Kh8 25. f4 Rxf4 26. Nxf4 Qxf4 27. Qxg6 h6 28. Qd6 Qe3 29. Rh3 Qg1+ 30. Rd1 Qxg2 31. Rxh6+ Bxh6+ 32. Qxh6+ Kg8 33. Qe6+ Kf8 34. Qf5+ Kg8 35. Qd5+ Qxd5 36. Rxd5 Kf7 37. c4 1-0

[Event "Oceania zt 3.6"]
[Site "Auckland"]
[Date "2017.01.18"]
[Round "7"]
[White "Polishchuk, Kirill"]
[Black "Soo Burrowes, Eliot W"]
[Result "1/2-1/2"]
[WhiteElo "2175"]
[BlackElo "2040"]
[PlyCount "32"]
[EventDate "2017.01.14"]
[EventType "swiss"]
[EventRounds "9"]
[EventCountry "NZL"]
[SourceTitle "EXT 2018"]
[Source "ChessBase"]
[SourceDate "2017.10.13"]
[SourceVersion "1"]
[SourceVersionDate "2017.10.13"]
[SourceQuality "1"]

1. e4 e5 2. f4 exf4 3. Bc4 Ne7 4. Nc3 c6 5. d4 Ng6 6. Qf3 d5 7. exd5 Bd6 8. Nge2 0-0 9. Bd2 a5 10. dxc6 Nxc6 11. 0-0-0 Be6 12. Bb5 Qc8 13. h3 Qc7 14. Rhf1 Nb4 15. Bxf4 Nxf4 16. Nxf4 Bxa2 1/2-1/2

[Event "Oceania zt 3.6"]
[Site "Auckland"]
[Date "2017.01.17"]
[Round "5"]
[White "Soo Burrowes, Eliot W"]
[Black "Ang, Alphaeus Wei Ern"]
[Result "1/2-1/2"]
[WhiteElo "2040"]
[BlackElo "2271"]
[PlyCount "84"]
[EventDate "2017.01.14"]
[EventType "swiss"]
[EventRounds "9"]
[EventCountry "NZL"]
[SourceTitle "CBM 176 Extra"]
[Source "ChessBase"]
[SourceDate "2017.03.02"]
[SourceVersion "1"]
[SourceVersionDate "2017.03.02"]
[SourceQuality "1"]

1. c4 Nf6 2. Nc3 g6 3. g3 Bg7 4. Bg2 d6 5. e3 0-0 6. Nge2 c6 7. 0-0 e5 8. d4 Nbd7 9. b3 Re8 10. Ba3 Bf8 11. Qc2 exd4 12. Nxd4 Qa5 13. Bb2 Bg7 14. Rad1 Nf8 15. Rd2 Qh5 16. Nce2 g5 17. Nf5 Ng4 18. h3 Bxf5 19. Qxf5 Nh6 20. Qc2 Re6 21. Bxg7 Kxg7 22. Rfd1 Rd8 23. Qb2+ Kg8 24. b4 Ng6 25. Nd4 Ne5 26. Nxe6 fxe6 27. c5 g4 28. h4 d5 29. Rd4 Nf5 30. Re4 Nf3+ 31. Bxf3 gxf3 32. Qf6 Re8 33. Rf4 Qg6 34. Qxg6+ hxg6 35. Rxf3 Kg7 36. Kg2 Rh8 37. Rf4 e5 38. Rg4 Nh6 39. Rg5 Nf7 40. Rg4 Nh6 41. Rg5 Nf7 42. Rg4 Nh6 1/2-1/2

[Event "Doeberl Cup 54th"]
[Site "Canberra"]
[Date "2016.03.26"]
[Round "6"]
[White "Soo Burrowes, Eliot W"]
[Black "Ikeda, Junta"]
[Result "0-1"]
[WhiteElo "1992"]
[BlackElo "2397"]
[PlyCount "113"]
[EventDate "2016.03.24"]
[EventType "swiss"]
[EventRounds "9"]
[EventCountry "AUS"]
[SourceTitle "EXT 2018"]
[Source "ChessBase"]
[SourceDate "2017.10.13"]
[SourceVersion "1"]
[SourceVersionDate "2017.10.13"]
[SourceQuality "1"]

1. c4 c5 2. g3 g6 3. Bg2 Bg7 4. e3 Nc6 5. Ne2 e5 6. Nbc3 Nge7 7. d3 d6 8. 0-0 0-0 9. a3 Be6 10. Nd5 Rb8 11. Nec3 a6 12. Rb1 b5 13. cxb5 axb5 14. b4 Qd7 15. Qd2 Rfc8 16. Bb2 Nxd5 17. Nxd5 Ne7 18. Nxe7+ Qxe7 19. Rfc1 h5 20. f4 c4 21. dxc4 bxc4 22. Qc3 Kh7 23. Rd1 Bh8 24. Qe1 exf4 25. Bxh8 Rxh8 26. gxf4 Rhe8 27. Rd4 Bf5 28. e4 d5 29. Rxd5 Bxe4 30. Qxe4 Qxe4 31. Bxe4 Rxe4 32. Rc1 Rxf4 33. Rc5 Ra8 34. Rc3 f5 35. b5 Rd4 36. b6 Rd1+ 37. Kg2 Rb1 38. Rc7+ Kh6 39. Rc6 Rb2+ 40. Kh3 f4 41. R6xc4 Rf8 42. Rc6 Re8 43. Rc2 Rb3+ 44. R2c3 Rb1 45. a4 Re2 46. R6c4 Rxb6 47. Rxf4 Rbb2 48. Rfc4 Rxh2+ 49. Kg3 Rhg2+ 50. Kh3 Rh2+ 51. Kg3 Rbg2+ 52. Kf3 Rf2+ 53. Kg3 Rhg2+ 54. Kh3 Rg1 55. a5 Ra2 56. Rc5 Rga1 57. Kg3 0-1